10 Asian Countries with the Most English Speakers - Statistics

General Stats
  • This quiz has been taken 419 times
  • The average score is 8 of 10
Answer Stats
Speakers % Country % Correct
125,344,736 12 India
99%
15,720,000 7.8 Pakistan
92%
89,800,800 93 Philippines
88%
30,108,031 18 Bangladesh
84%
15,580,000 63 Malaysia
84%
17,121,187 27 Thailand
79%
11,900,000 17 Turkey
77%
10,565,600 47 Sri Lanka
68%
11,095,000 35 Iraq
64%
13,896,720 46 Nepal
61%
No matching quizzes found
Score Distribution
Percent of People with Each Score
Percentile by Number Answered
Your Score History
You have not taken this quiz